000 00791nam a2200289Ia 4500
001 14787
003 IT-RoPAU
008 130308s9999 xx 000 0 und d
040 _aIT-RoPAU
040 _cIT-RoPAU
041 _aITALIANO
100 _aZegin F.L.
100 _gCodice Aut. SPICS: 3355
245 _aMontagne delle icone (Le)-Unità spazio-temporale dell'opera pittorica
245 _bSistemi di segni e Lo Strutturalismo sovietico (I)
250 _a1a ed.
260 _aMILANO
260 _bBompiani
260 _c1969 [1° Ed.:1969 - Ed.Ling.Originale:1965]
300 _a"29 p. (prefazione: no ; testo: 29 [pagine: 211-239])"
650 _aSEMIOLOGIA
650 _eCodice materia Spics: 3251
942 _cBK
957 _71
999 _c40914
_d40914
999 _bSI
999 _g1